Novenario que en alabanza del Gloriosisimo Arquiserafin Señor San Miguel / compuso el M. R. P. Fr. Joaquin de S. Miguel Zapata, del Orden de Religiosos de N. S. P. S. Francisco

Detalles Bibliográficos
Autor principal: Zapata, Joaquín de San Miguel
Formato: Libro
Lenguaje:Spanish
Publicado: Puebla : imprenta de José María Rivera, calle de Molina núm. 1, 1859.
Materias:
Colección:Banco de datos
Acervo:Universidad Autónoma Benito Juárez de Oaxaca. Biblioteca Francisco de Burgoa. Colección histórica
Descripción Física:63 p. ; 13 cm.
Tema general:Homilética
Notas:Portada tipográfica con viñeta. Texto a renglón seguido con paginación en números arábigos y signaturas. Incluye cabecera de título con motivos alegóricos
LEADER 00938nam a22001690004500
035 |a 1823 
041 0 |a spa 
100 1 |a Zapata, Joaquín de San Miguel 
245 1 0 |a Novenario que en alabanza del Gloriosisimo Arquiserafin Señor San Miguel / compuso el M. R. P. Fr. Joaquin de S. Miguel Zapata, del Orden de Religiosos de N. S. P. S. Francisco 
260 |a Puebla : imprenta de José María Rivera, calle de Molina núm. 1, 1859. 
300 |a 63 p. ; 13 cm.  
500 |a Portada tipográfica con viñeta. Texto a renglón seguido con paginación en números arábigos y signaturas. Incluye cabecera de título con motivos alegóricos 
650 1 0 |a Homilética 
852 |a Universidad Autónoma "Benito Juárez" de Oaxaca, Biblioteca Francisco de Burgoa, Colección histórica 13288-F 
942 |c BURHIS 
943 |g Universidad Autónoma Benito Juárez de Oaxaca. Biblioteca Francisco de Burgoa. Colección histórica 
999 |c 1120325  |d 1120325